Normal view
MARC view
- Strength of materials
Entry Topical Term
001 - CONTROL NUMBER
- control field: 89855
003 - CONTROL NUMBER IDENTIFIER
- control field: NUST
005 - DATE AND TIME OF LATEST TRANSACTION
- control field: 20220228144433.0
008 - FIXED-LENGTH DATA ELEMENTS
- fixed length control field: 220228|| aca||aabn | a|a d
040 ## - CATALOGING SOURCE
- Original cataloging agency: NUST
- Transcribing agency: NUST
150 ## - HEADING--TOPICAL TERM
- Topical term or geographic name entry element: Strength of materials
670 ## - SOURCE DATA FOUND
- Source citation: Work cat.: (NUST)32762: Beer, Ferdinand P. (Ferdinand Pierre), 1915-2003. 89854, Mechanics of materials /, c2010.
